Αφελέστατε θείε Μάϊκλ
Αποθηκεύτηκε σε:
| Κύριος συγγραφέας: | |
|---|---|
| Μορφή: | Βιβλίο |
| Γλώσσα: | Greek |
| Δημοσίευση: |
Αθήνα :
Λιβάνη,
2001.
|
| Σειρά: | Ελληνική λογοτεχνία (Εκδοτικός Οργανισμός Λιβάνη)
|
| Θέματα: | |
| Ετικέτες: |
Προσθήκη ετικέτας
Δεν υπάρχουν, Καταχωρήστε ετικέτα πρώτοι!
|
MARC
| LEADER | 00000cam a2200000 i 4500 | ||
|---|---|---|---|
| 001 | 1/15761 | ||
| 008 | 111014s2001 gr | ||| |||| ||gre|| | ||
| 020 | |a 9601403914 | ||
| 035 | |l 10111111 | ||
| 040 | |a GR-MY-UA |b gre |e aacr | ||
| 041 | 0 | |a gre | |
| 082 | 7 | |a 889.34 |2 (22) | |
| 100 | 1 | |a Κατσούρης, Γιάννης, |d 1935-2010. | |
| 245 | 1 | 0 | |a Αφελέστατε θείε Μάϊκλ / |c Γιάννης Κατσούρης. |
| 260 | |a Αθήνα : |b Λιβάνη, |c 2001. | ||
| 300 | |a 236 σ. ; |c 21 εκ. | ||
| 490 | 1 | |a (Ελληνική Λογοτεχνία / Εκδοτικός Οργανισμός Λιβάνη) | |
| 650 | 0 | 0 | |a Greek fiction, Modern. |
| 650 | 0 | 0 | |a Greek fiction, Modern |z Cyprus. |
| 830 | 0 | |a Ελληνική λογοτεχνία (Εκδοτικός Οργανισμός Λιβάνη) | |
| 852 | |a INST |b RHODES |e 20111014 |h 889.34 ΚΑΤ |p 005400033738 |q 005400033738 |t BK |y 0 | ||
| 901 | |a BIBL4-2011-3 | ||
| 970 | |z 2011/10/14 | ||